| 000 | 00578nam a2200181Ia 4500 | ||
|---|---|---|---|
| 003 | GCL | ||
| 008 | 140319s9999 xx 000 0 ara d | ||
| 040 |
_aGCL / _cGCL |
||
| 082 | 0 | 4 |
_aق _b301.42 _bم ا |
| 100 | 1 | _aمحمد فريد جنيدى | |
| 245 | 1 | 0 |
_aازمة الزواج فى مصر : اسبابها - نتائجها - علاجها / _cمحمد فريد جنيدى |
| 300 | _a217 ص | ||
| 490 | _a | ||
| 650 | 0 | 4 | _aالعلاقات الاسرية |
| 650 | 0 | 4 | _aالزواج - مصر |
| 650 | 0 | 4 | _aالزواج - العادات والتقاليد |
| 942 |
_2ddc _cBK |
||
| 999 |
_c45860 _d45860 |
||